| 000 | 01126naa a22003017a 4500 | ||
|---|---|---|---|
| 001 | BR8501855 | ||
| 003 | BR-BrBNA | ||
| 005 | 20240918175600.0 | ||
| 007 | ta | ||
| 008 | 230509b bl.||||| |||| 00| 0 por d | ||
| 040 |
_aBR-BrBNA _bpor _cBiblioteca Nacional de Agricultura |
||
| 041 | _a(Pt) | ||
| 072 |
_aE72 _b9410 _bG514 |
||
| 090 | _aE72 BR8501855 | ||
| 100 | 1 | _aVieira, G. | |
| 111 | 1 |
_a1. Congresso Brasileiro de Marketing Rural _cLavras, MG (Brazil) _d25 Nov 1984 |
|
| 245 | 1 | _aO problema da interferencia do governo no mercado do leite na regiao de lavras [Brasil] | |
| 260 | 3 |
_aLavras, MG (Brasil): _c1984. |
|
| 500 | _a1. Congresso Brasileiro de Marketing Rural. Extrato dos trabalhos para debates Lavras, MG (Brasil): 1984. p. 100-107 (BR8501855-AM)E72 | ||
| 650 | _aLEITE | ||
| 650 | _aPOLITICA DE PRECO | ||
| 650 | _aCUSTO DE PRODUCAO | ||
| 650 | _aLAVRAS | ||
| 650 | _aMINAS GERAIS | ||
| 773 | 0 |
_t1. Congresso Brasileiro de Marketing Rural. Extrato dos trabalhos para debates _wE72 BR8501855 _gLavras, MG (Brasil), 1984. p. 100-107 |
|
| 909 |
_a202404 _bLucia _c55 _dLucia Elande |
||
| 942 |
_cAM _2AGRIS |
||
| 999 |
_c317321 _d317321 |
||